Sobre los lugares afectados.

Guardat en:
Dades bibliogràfiques
Autor principal: Galeno (autor)
Altres autors: García Sola, María del Carmen Gloria (traducción, introducción y notas)
Format: Llibre
Publicat: Madrid, España: Ediciones Clásicas, 1997.
Edició:Primera edición.
Col·lecció:Colección de Autores Griegos.
Matèries:
Etiquetes: Afegir etiqueta
Sense etiquetes, Sigues el primer a etiquetar aquest registre!

MARC

LEADER 00000nam a22000007a 4500
003 CL-VaPUC
005 20220822114637.0
008 220718t1997 ||||| |||| 00| 0 eng d
999 |c 437162  |d 437160 
020 |a 84-7882-277-1 
040 |c Pontificia Universidad Católica de Valparaíso 
082 7 |a 610.938 GAL 1997  |2 22 
100 |a Galeno  |9 508255  |e autor 
245 |a Sobre los lugares afectados.  
250 |a Primera edición. 
260 |a Madrid, España:  |b Ediciones Clásicas,   |c 1997. 
300 |a 406 páginas. 
490 |a Colección de Autores Griegos.  
500 |a c.1 Donación Familia Prof. Alejandro Guzmán Brito 
583 |c 20220718  |k Cristina María Rojas Aguilar 
650 |a Medicina   |x Griega y romana  |9 873307 
650 |a Diagnosis  |9 873309 
700 |a García Sola, María del Carmen Gloria  |e traducción, introducción y notas   |9 873151 
942 |2 ddc  |c BK  |n 0 
952 |0 0  |1 0  |2 ddc  |4 0  |6 610_938000000000000_GAL_1997  |7 0  |8 C_AGB  |9 584912  |a BIBDER  |b BIBDER  |d 2022-07-18  |e Donación   |i 5653025  |o 610.938 GAL 1997  |p 5653025  |r 2023-01-25  |t 1  |w 2022-07-18  |y BK_US  |k AGB